| 000 | 00710cam a2200253 a 4500 | ||
|---|---|---|---|
| 008 | |||
| 020 | _a0738208175 (pbk. ) | ||
| 049 | _aMAIN | ||
| 090 |
_aBF637.L4 _bBEN |
||
| 100 | 1 | _aBennis, Warren G. | |
| 245 | 1 | 0 |
_aOn becoming a leader / _cWarren Bennis. |
| 250 | _a[Rev. ed.] | ||
| 260 |
_aNew York : _bPerseus Pub., _cc2009. |
||
| 300 |
_axxxix, 254 p. ; _c22 cm. |
||
| 500 | _aIncludes index. | ||
| 504 | _aIncludes bibliographical references. | ||
| 650 | 0 | _aLeadership. | |
| 650 | 0 |
_aLeadership _vCase studies. |
|
| 907 |
_a.b10305324 _b10-02-12 _c12-01-12 |
||
| 003 | |||
| 005 | 20240308115135.0 | ||
| 040 | _cNUST | ||
| 942 |
_cBOOKS _kBF637.L4 _mBEN _01 |
||
| 999 |
_c140404 _d140404 |
||